<?xml version="1.0" encoding="UTF-8"?>
<record
    xmlns:xsi="http://www.w3.org/2001/XMLSchema-instance"
    xsi:schemaLocation="http://www.loc.gov/MARC21/slim http://www.loc.gov/standards/marcxml/schema/MARC21slim.xsd"
    xmlns="http://www.loc.gov/MARC21/slim">

  <leader>00470nam a2200157Ia 4500</leader>
  <controlfield tag="008">220820s9999    xx            000 0 und d</controlfield>
  <datafield tag="041" ind1=" " ind2=" ">
    <subfield code="a">chi</subfield>
  </datafield>
  <datafield tag="050" ind1=" " ind2=" ">
    <subfield code="a">BV1521 </subfield>
    <subfield code="b">.X827 1963</subfield>
  </datafield>
  <datafield tag="100" ind1=" " ind2=" ">
    <subfield code="a">&#x5F90;&#x677E;&#x77F3;</subfield>
  </datafield>
  <datafield tag="245" ind1=" " ind2="0">
    <subfield code="a">&#x4E3B;&#x65E5;&#x5B78;&#x53CA;&#x67E5;&#x7D93;&#x73ED;&#x624B;&#x518A;</subfield>
    <subfield code="b">/</subfield>
    <subfield code="c">&#x5F90;&#x677E;&#x77F3;</subfield>
  </datafield>
  <datafield tag="246" ind1=" " ind2=" ">
    <subfield code="a">&#x4E3B;&#x65E5;&#x5B66;&#x53CA;&#x67E5;&#x7ECF;&#x73ED;&#x624B;&#x518C;</subfield>
    <subfield code="b">/</subfield>
  </datafield>
  <datafield tag="260" ind1=" " ind2=" ">
    <subfield code="a">&#x9999;&#x6E2F; : </subfield>
    <subfield code="b">&#x5BA3;&#x9053;, </subfield>
    <subfield code="c">1963</subfield>
  </datafield>
  <datafield tag="300" ind1=" " ind2=" ">
    <subfield code="a">4, 174 p. </subfield>
    <subfield code="b">; </subfield>
    <subfield code="c">19 cm</subfield>
  </datafield>
  <datafield tag="650" ind1=" " ind2=" ">
    <subfield code="a">Bible Study and teaching.Christian education.Sunday schools.</subfield>
  </datafield>
  <datafield tag="952" ind1=" " ind2=" ">
    <subfield code="0">0</subfield>
    <subfield code="1">0</subfield>
    <subfield code="4">0</subfield>
    <subfield code="7">0</subfield>
    <subfield code="a">GETS</subfield>
    <subfield code="b">GETS</subfield>
    <subfield code="c"> GEN</subfield>
    <subfield code="d">2022-08-20</subfield>
    <subfield code="l">0</subfield>
    <subfield code="o">BV1521 .X827 1963</subfield>
    <subfield code="p">00028678</subfield>
    <subfield code="r">2022-08-20 00:00:00</subfield>
    <subfield code="w">2022-08-20</subfield>
    <subfield code="y">CB</subfield>
  </datafield>
  <datafield tag="999" ind1=" " ind2=" ">
    <subfield code="c">40572</subfield>
    <subfield code="d">40572</subfield>
  </datafield>
</record>
